000
00263nam a2200109Ia 4500
008
220204s9999 xx 000 0 und d
082
_a
641.8
_b
DEU
100
_a
Deutch, Yvonne
245
0
_a
Supercook's home baker
260
_a
London
_b
Marshall
_c
1972
942
_c
BK
999
_c
30076
_d
30076